Vater Franzens Urne Eine Trauer - Rede bei Gelegenheit der Todes und Gedaechtnißfeier unsers verewigten Monarchen Franz I. höchstglorreichen und gesegnetten Andenkens am 22. März 1835 : Die Bestimmung des Ertrags ist im Vorwort, Prediger der Evangelisch=deutschen Gemeine in Kaschau

Podrobná bibliografia
Hlavný autor: Heckenast, Michal, 1774-1849 (Autor, Autor úvodu atď.)
Ďalší autori: Werfer, Karol, 1790-1846 (Tlačiar)
Médium: Kniha
Jazyk:nemčina
Fyzický popis:16 s. 20 cm
Vydavateľské údaje: Kaschau gedruckt bei Carl Werfer, k. k. academischen Buchdrucker 1835
Predmet:

MARC

LEADER 00000cam a2200000 a 4500
001 vtls001524122
003 SK-MaSNL
005 20260302073938.0
008 220509 xo 000 0 ger
035 |a urn:nbn:sk:snk-am00gl9b 
035 |a urn:nbn:sk:snk-am3j429 
035 |a 926950C3-5240-4E66-AFB7-D742CF967FD7 
040 |a SNK  |b slo  |c SNK  |e AACR2 
041 0 |a ger 
044 |a xo  |c SK 
072 7 |a 808  |x Literárny štýl. Literárna činnosť a technika. Efektívne využívanie jazyka. Spisovateľská činnosť  |2 konspekt 
080 |a 808.51:393  |2 2011 
080 |a 808.51  |2 2011 
100 1 |a Heckenast, Michal,  |d 1774-1849  |4 aut  |4 aui  |9 371100 
245 1 0 |a Vater Franzens Urne Eine Trauer - Rede bei Gelegenheit der Todes  |b und Gedaechtnißfeier unsers verewigten Monarchen Franz I. höchstglorreichen und gesegnetten Andenkens am 22. März 1835 : Die Bestimmung des Ertrags ist im Vorwort, Prediger der Evangelisch=deutschen Gemeine in Kaschau 
260 |a Kaschau  |b gedruckt bei Carl Werfer, k. k. academischen Buchdrucker  |c 1835 
300 |a 16 s.  |c 20 cm 
500 |a Obálková titulná strana v ozdobnom rámčeku, vineta na zadnej strane obálky, typografické ozdoby 
504 |a Poznámky a vysvetlivky pod textom 
510 4 |a Bibliografia územne slovacikálnych tlačí  |c 4633 
650 0 7 |a prejavy  |2 SNKPH  |9 30062 
655 7 |a smútočné prejavy  |2 SNKPH  |9 90407 
700 1 |a Werfer, Karol,  |d 1790-1846  |4 prt  |9 187511 
752 |a Slovensko  |d Košice 
958 |a DF 
958 |a ONDV 
999 |c 1162979  |d 1164909 
952 |a SNK  |b SNK  |y PREZ  |7 0  |p 17A0789742  |o snkSC 8076  |i snkKSK 913/56  |8 3  |0 0  |1 0  |4 0  |d 2012-03-12  |f 1  |l 0  |r 2025-07-04 00:00:00  |w 2026-02-24 
952 |a SNK  |b SNK  |y PREZ  |7 0  |p 17A0466474  |o snkSC 8076 D1  |i snkF 2668/67  |8 5  |3 Rekatalogizácia  |0 0  |1 0  |4 0  |d 2005-04-18  |l 0  |r 2026-02-24 20:39:19  |w 2026-02-24